| 000 | 01078nam a22002177a 4500 | ||
|---|---|---|---|
| 003 | OSt | ||
| 005 | 20260310001803.0 | ||
| 008 | 260309b |||||||| |||| 00| 0 eng d | ||
| 020 | _a9781402712746 | ||
| 040 |
_aDWCL GS lib _cOC |
||
| 082 | _aFic. H678 2005 | ||
| 100 | _aCorvino Lucy | ||
| 245 |
_aCall of the Wild _cLucy Corvino |
||
| 260 |
_aNew York _bSterling Publishing Co., Inc. _c2005 |
||
| 300 |
_aExtent- vii,152 pages: _billustrations ; _c23cm |
||
| 504 | _aan adventure novel following Buck, a pampered dog kidnapped from California and sold as a sled dog during the Klondike Gold Rush. | ||
| 650 | _aThe Call of the Wild by Jack London presents a philosophy of life rooted in naturalism, survival, and adaptation, emphasizing that success comes to those who can shed civilized constraints and embrace their innate, primal instincts. | ||
| 650 | _2Jack London’s The Call of the Wild acts as a profound allegory for moral education, tracing the journey of Buck from a pampered pet to a primal, wild creature. | ||
| 700 | _aLucy | ||
| 942 |
_2ddc _cFIC. _hFic. _n0 |
||
| 999 |
_c8784 _d8784 |
||